PEDIATRIC NURSING (Record no. 27498)

MARC details
000 -LEADER
fixed length control field 00341nam a22001577a 4500
003 - CONTROL NUMBER IDENTIFIER
control field SGT
020 ## - INTERNATIONAL STANDARD BOOK NUMBER
International Standard Book Number 9789356962354
082 ## - DEWEY DECIMAL CLASSIFICATION NUMBER
Classification number 610.7262
Item number P24D
100 ## - MAIN ENTRY--PERSONAL NAME
Personal name DATTA, PARUL
245 ## - TITLE STATEMENT
Title PEDIATRIC NURSING
250 ## - EDITION STATEMENT
Edition statement 6TH
260 ## - PUBLICATION, DISTRIBUTION, ETC. (IMPRINT)
Place of publication, distribution, etc INDIA
Name of publisher, distributor, etc JAYPEE PUB
Year of Publication 2024
300 ## - PAGE DESCRIPTION
No. of Pages 522
650 ## - SUBJECT ADDED ENTRY--TOPICAL TERM
Topical term or geographic name as entry element PEDIATRIC NURSING
942 ## - ADDED ENTRY ELEMENTS (KOHA)
Source of classification or shelving scheme Dewey Decimal Classification
Koha item type Books
942 ## - ADDED ENTRY ELEMENTS (KOHA)
-- 36
Holdings
Withdrawn status Lost status Source of classification or shelving scheme Damaged status Not for loan Collection code Home library Current library Shelving location Date acquired Vendor Name Cost, normal purchase price SGTU Bill Number Full call number Accession No. (Barcode) Date last seen Bill Date Koha item type Total Checkouts Checked out Date last borrowed
    Dewey Decimal Classification   Not For Loan NURSING SGT Medical Library SGT Medical Library Reference Book 29/08/2024 ABC DELHI 1095.00 SGTU 19450 610.7262 P24D FN5606 21/11/2024 29/08/2024 Books      
    Dewey Decimal Classification     NURSING SGT Medical Library SGT Medical Library Text Book 29/08/2024 ABC DELHI 1095.00 SGTU 19450 610.7262 P24D FN5607 01/06/2026 29/08/2024 Books 13 15/06/2026 01/06/2026
    Dewey Decimal Classification     NURSING SGT Medical Library SGT Medical Library Text Book 29/08/2024 ABC DELHI 1095.00 SGTU 19450 610.7262 P24D FN5608 28/05/2026 29/08/2024 Books 10   28/05/2026
    Dewey Decimal Classification     NURSING SGT Medical Library SGT Medical Library Text Book 29/08/2024 ABC DELHI 1095.00 SGTU 19450 610.7262 P24D FN5609 28/05/2026 29/08/2024 Books 13   28/05/2026
    Dewey Decimal Classification     NURSING SGT Medical Library SGT Medical Library Text Book 29/08/2024 ABC DELHI 1095.00 SGTU 19450 610.7262 P24D FN5610 23/03/2026 29/08/2024 Books 8   24/02/2026
    Dewey Decimal Classification     NURSING SGT Medical Library SGT Medical Library Text Book 29/08/2024 ABC DELHI 1095.00 SGTU 19450 610.7262 P24D FN5611 28/05/2026 29/08/2024 Books 11   27/05/2026
    Dewey Decimal Classification     NURSING SGT Medical Library SGT Medical Library Text Book 29/08/2024 ABC DELHI 1095.00 SGTU 19450 610.7262 P24D FN5612 03/06/2026 29/08/2024 Books 7   27/05/2026
    Dewey Decimal Classification     NURSING SGT Medical Library SGT Medical Library Text Book 29/08/2024 ABC DELHI 1095.00 SGTU 19450 610.7262 P24D FN5613 09/05/2026 29/08/2024 Books 14   07/05/2026
    Dewey Decimal Classification     NURSING SGT Medical Library SGT Medical Library Text Book 29/08/2024 ABC DELHI 1095.00 SGTU 19450 610.7262 P24D FN5614 27/05/2026 29/08/2024 Books 20   27/05/2026
    Dewey Decimal Classification     NURSING SGT Medical Library SGT Medical Library Text Book 29/08/2024 ABC DELHI 1095.00 SGTU 19450 610.7262 P24D FN5615 03/06/2026 29/08/2024 Books 21   28/05/2026